Statistiques concernant Carte du monde avec 10 frontières supplémentaires aléatoires

Cliquez ici pour prendre le quiz!

Statistiques générales

  • Ce quiz a été pris 33 718 fois
  • Le résultat moyen est 6 sur 10

Réponses sur la Carte

Les réponses sont colorées sur une échelle allant du rouge au vert en fonction du pourcentage des utilisateurs qui les ont devinées à leur premier essai. Vous pouvez retrouver ces pourcentages ci-dessous.
 

Statistiques - réponses

Pays% Correct
Etats-Unis
100%
France
99%
Australie
96%
Russie
90%
Espagne
89%
Égypte
87%
Portugal
86%
Mongolie
85%
Suède
82%
Brésil
80%
Paraguay
79%
Uruguay
79%
Madagascar
76%
Norvège
76%
Équateur
75%
Népal
74%
Arabie Saoudite
73%
Chili
73%
Colombie
73%
Irlande
73%
Bolivie
72%
Corée du Sud
71%
Finlande
71%
Inde
71%
Venezuela
71%
Yémen
71%
Niger
70%
Pérou
70%
Algérie
68%
Lituanie
68%
Autriche
67%
Canada
67%
Chine
67%
Mauritanie
67%
Guyana
66%
Namibie
66%
Turquie
66%
Zimbabwe
64%
Biélorussie
63%
Indonésie
63%
Royaume-Uni
62%
Soudan du Sud
62%
Angola
61%
Ghana
61%
Maroc
61%
Soudan
61%
Ukraine
61%
Estonie
60%
Pologne
60%
Afghanistan
59%
Pakistan
59%
Suriname
59%
Tunisie
58%
Bangladesh
57%
Botswana
57%
Burkina Faso
57%
Iran
57%
Islande
57%
Italie
57%
Viêt Nam
56%
Kazakhstan
55%
Géorgie
54%
Malaisie
54%
République du Congo
54%
Tchad
54%
Ouzbékistan
53%
Syrie
53%
Nigeria
52%
Nouvelle-Zélande
52%
Allemagne
51%
Irak
51%
Oman
51%
Roumanie
51%
Tanzanie
51%
Thaïlande
51%
Birmanie
50%
République démocratique du Congo
50%
Cameroun
49%
Kenya
49%
Laos
49%
Éthiopie
48%
Gabon
48%
Turkménistan
48%
Côte d'Ivoire
47%
Honduras
45%
République Centrafricaine
45%
Bulgarie
44%
Guatemala
44%
Mali
44%
Tadjikistan
44%
Sénégal
42%
Mexique
41%
Guinée
40%
Nicaragua
39%
Zambie
39%
Mozambique
38%
Jordanie
35%
Afrique du Sud
34%
Ouganda
31%
Sri Lanka
31%
Japon
29%
Somalie
27%
Papouasie-Nouvelle- Guinée
10%

Distribution des résultats

Percentile par nombre de réponses

% des personnes avec chaque résultat

Votre développement - résultats

Vous n’avez pas pris ce quiz